000 00602nam a2200229Ia 4500
003 GCL
008 140319s9999 xx 000 0 eng d
040 _aGCL /
_cGCL
082 0 4 _a848.91
_bM S
100 1 _aMOI, TORIL
245 1 0 _aIMONE DE BEAUVOIR: THE MAKING OF AN INTELLCTEAL WOMAN /
_cMOI, TORIL
260 _a[S.N] :
_bBLACK WELL ،
_c1994
300 _a324 P
650 0 4 _aHISTORY 20TH CENTURY
650 0 4 _aWOMEN AUTHORS
650 0 4 _aBEAUVOIR SIMONE
650 0 4 _aFRANCE
650 0 4 _aBIOGRAPHY
650 0 4 _aWOMEN - LITERATURE
650 0 4 _aINTELLECTUAL LIFE
942 _2ddc
_cBK
999 _c25103
_d25103